Elections in Nicaragua /

Reporte descriptivo del proceso electoral a llevarse a cabo el día 4 de noviembre de 1984, en el que se elegiría el presidente de la República de Nicaragua. Se narra el proceso de registro electoral, se presenta a los candidatos, se habla del contexto sociopolítico en que se desarrollarán estos comi...

Fuld beskrivelse

Guardado en:
Bibliografiske detaljer
Format: Bog
Sprog:engelsk
Udgivet: Managua, Nicaragua : Center for International Communication, 1984
Fag:
Tags: Tilføj Tag
Ingen Tags, Vær først til at tagge denne postø!

MARC

LEADER 00000nam^a2200000^a^4500
001 000398216
005 20250526000000.0
009 20260310121517.572
037 |a Acervo ITESO - Biblioteca 
041 |a ING 
082 |a 324. 6097285053  |b ELE 
245 0 0 |a Elections in Nicaragua / 
264 1 |a Managua, Nicaragua :  |b Center for International Communication,  |c 1984 
300 |a 24 p. ;  |c 27.5 cm. 
336 |a texto  |b txt  |2 rdacontenido 
337 |a sin mediación  |b n  |2 rdamedio 
338 |a volumen  |b nc  |2 rdasoporte 
520 |a Reporte descriptivo del proceso electoral a llevarse a cabo el día 4 de noviembre de 1984, en el que se elegiría el presidente de la República de Nicaragua. Se narra el proceso de registro electoral, se presenta a los candidatos, se habla del contexto sociopolítico en que se desarrollarán estos comicios, los primeros en la historia del país en que se elige de manera libre entre siete plataformas políticas de diferente ideología. 
649 |a XX 
650 |a Candidatos Políticos Nicaragüenses 
650 |a Proceso Político -  |z Nicaragua 
650 |a Participación Política -  |z Nicaragua -  |x Tema Principal 
650 |a Elecciones -  |z Nicaragua -  |x Historia -  |y Régimen Sandinista, 1979-1990 -  |x Tema Principal 
650 |a Autodeterminación Nacional -  |z Nicaragua 
650 |a Autonomía -  |z Nicaragua 
650 |a Política -  |z Nicaragua -  |x Historia -  |y Régimen Sandinista, 1979-1990 
650 |a Nicaragua -  |x Historia -  |y Régimen Sandinista, 1979-1990 
910 |a Fondo Carlos Núñez Hurtado 
920 |a Impresos - Libros 
930 |a Libros Antiguos y Raros 
905 |a 108 
901 |a 0500293587  |b IT2  |c LRA  |i D83063  |u 20250526 
902 |a https://opac.biblio.iteso.mx/vufind/Record/000398216